|
|
|
|
| LEADER |
00000cam a2200000 7i4500 |
| 001 |
0000084212 |
| 005 |
20191106.0 |
| 008 |
191106 |
| 020 |
|
|
|a 9781641720267
|
| 041 |
0 |
|
|a English
|
| 090 |
0 |
0 |
|a 414
|b OLS
|
| 100 |
1 |
|
|a Olson, Harold
|
| 245 |
1 |
0 |
|a Introduction to phonetics and phonology
|c Harold Olson
|
| 260 |
|
|
|a New York :
|b Larsen & Keller Education ,
|c 2019
|
| 300 |
|
|
|a 201 p. :
|b ill. ;
|c 25.5 cm.
|
| 541 |
0 |
0 |
|c Purchased on 2019
|f 19/08-19 MPSB
|h RM314.55
|
| 650 |
|
0 |
|a Linguistics
|x Study and teaching
|
| 650 |
|
0 |
|a Phonetics
|
| 650 |
|
0 |
|a Phonology
|
| 999 |
|
|
|a 0001589669
|b Book
|c Adult Collection
|e Cawangan Tmn. Ungku Tun Aminah
|
| 999 |
|
|
|a 0001589670
|b Book
|c Adult Collection
|e Cawangan Pontian
|
| 999 |
|
|
|a 0001589671
|b Book
|c REFERENCE
|e Cawangan Bukit Gambir
|
| 999 |
|
|
|a 0001589672
|b Book
|c Adult Collection
|e Cawangan Bandar Penawar
|
| 999 |
|
|
|a 0001589673
|b Book
|c Adult Collection
|e Cawangan Segamat
|
| 999 |
|
|
|a 0001589674
|b Book
|c Adult Collection
|e Cawangan Taman Sri Lambak
|
| 999 |
|
|
|a 0001589675
|b Book
|c REFERENCE
|e Cawangan Bandar Tenggara
|
| 999 |
|
|
|a 0001589676
|b Book
|c Adult Collection
|e Cawangan Tangkak
|
| 999 |
|
|
|a 0001589677
|b Book
|c Adult Collection
|e Cawangan Batu Pahat
|
| 999 |
|
|
|a 0001589678
|b Book
|c Adult Collection
|e Cawangan Sri Merlong
|
| 999 |
|
|
|a 0001589679
|b Book
|c REFERENCE
|e Cawangan Mersing
|
| 999 |
|
|
|a 0001589680
|b Book
|c Adult Collection
|e Cawangan Kota Tinggi
|
| 999 |
|
|
|a 0001589681
|b Book
|c Adult Collection
|e Cawangan Muar
|
| 999 |
|
|
|a 0001589985
|b Book
|c REFERENCE
|e Perbadanan Perpustakaan Awam Johor
|
| 999 |
|
|
|a 0001589986
|b Book
|c REFERENCE
|e Cawangan Urban Transformation Centre
|
| 999 |
|
|
|a 0001589987
|b Book
|c REFERENCE
|e Cawangan AEON Kulaijaya
|